| 000 | 00346nam a22001337a 4500 | ||
|---|---|---|---|
| 005 | 20170822175146.0 | ||
| 008 | 160531b xxu||||| |||| 00| 0 eng d | ||
| 040 | _dBSU | ||
| 082 |
_222 _aR381.1INF |
||
| 245 | _aThe Informal Cross Border Trade Survey Report 2008 | ||
| 260 |
_aKampala _bUBOS _c2009 |
||
| 300 |
_aix,46p. _c29 cm |
||
| 942 |
_2ddc _cPER |
||
| 999 |
_c10711 _d10711 |
||